000 00757nam a2200217 a 4500
001 000034949
005 20200930074014.0
008 111021s1980 sp 000 0 spa d
040 _aDO-SdBNP
_bspa
_cBNPHU
082 _axxxx
_bD996t
100 1 _aDyer, Wayne W.
_960534
240 1 0 _aCounseling techniques that work
_lEspañol
245 1 0 _aTécnicas efectivas de asesoramiento psicológico /
_cWayne W. Dyer ; traductor J. M. Álvarez, Ángela Pérez.
260 _aBarcelona :
_bGrijalbo,
_c1980.
300 _a405 p. ;
_c19 cm.
500 _aTítulo original en inglés.
504 _aIncluye referencias bibliográficas al pie de las páginas
700 1 2 _aÁlvarez, J. M.,
_etr.
_960535
700 1 2 _aPérez, Ángela,
_etr.
_911936
049 _aBNGR
999 _c34440
_d34440